000 01293 a2200277 4500
001 10507
005 20260407155439.0
008 260407a2005 arg spa d
003 AR-UNSa-BCEJYS
040 _aAR-UNSa-BCEJYS
_bspa
_cAR-UNSa-BCEJYS
080 _a351.824.11
_xServicios públicos (producción de luz, calor, energía mecánica. Industria eléctrica. Industria del gas)
245 1 0 _aServicios públicos y organismos de control
020 _a978-987-592-061-3
264 1 _aBuenos Aires :
_bLexis Nexis
_c2005
300 _a313 p.
_c22 cm.
505 _a1. Servicios públicos, régimen, regulación y organismos de control - 2. Entes reguladores - 3. Paradigmas actuales de la regulación - 4. ¿Son competentes los entes reguladores para condenar a las prestadoras a indemnizar los daños sufridos por usuarios del servicio? -5. Los procedimientos ante los entes reguladores - 6. Facultades de los entes reguladores en materia tarifaria - 7. Responsabilidad de los entes reguladores
041 _aspa
942 _cBK
590 _aniveau_biblio:m niveau_hierar:0
100 1 _aPérez Hualde, Alejandro
700 1 _aEmili, Eduardo O.
700 1 _aBustelo, Ernesto N.
700 1 _aLara, Andrea J.
700 1 _aBoullaude, Gustavo
700 1 _aRodríguez, Sergio I.
999 _c469
_d469